Use of fixed-base, large-scale 70MM aerial photography for tropical forests inventory Sabah, Malaysia

Bibliographic Details
Corporate Author: ASEAN Institute of Forest Management (AIFM)
Other Authors: Cosco, Johnson, Samsudin Musa
Format: Book
Published: Kuala Lumpur : Institut Pengurusan Hutan ASEAN , 1993
Subjects:

MARC

LEADER 00000cam a2200000 7i4500
001 0000000547
005 20021127.0
090 0 0 |a 634.92   |b AIF1993 
110 1 0 |a ASEAN Institute of Forest Management (AIFM) 
245 1 0 |a Use of fixed-base, large-scale 70MM aerial photography for tropical forests inventory Sabah, Malaysia   |c prepared by Samsudin Musa, John Johnson, John Cosco 
260 0 0 |a Kuala Lumpur :   |b Institut Pengurusan Hutan ASEAN ,   |c 1993 
300 |a iii, 56 p. :   |b col. ill. ;   |c 30 cm. 
650 0 0 |a Aerial photographs 
650 0 0 |a Aerial photography in forestry   |z Sabah 
700 0 1 |a Cosco   |h John 
700 0 1 |a Johnson   |h John 
700 0 1 |a Samsudin Musa 
998 |a JPSM 
999 |a 0000000299   |b Monograph   |c Open Shelf   |e Default branch 
999 |a 0000002232   |b Monograph   |c Open Shelf   |e Default branch 
999 |a 0000003540   |b Monograph   |c Open Shelf   |e Default branch 
999 |a 0000003541   |b Monograph   |c Open Shelf   |e Default branch 
999 |a 0000003542   |b Monograph   |c Open Shelf   |e Default branch